| 000 | 00556nam a2200229Ia 4500 | ||
|---|---|---|---|
| 008 | 210210b2006 xxu||||| |||| 00| 0 eng d | ||
| 041 | _aeng | ||
| 082 | _a358.4 COMC | ||
| 100 | _aCOMPETITION SUCCESS REVIEW | ||
| 245 | _aCareer opportunities in the Indian air force | ||
| 260 |
_aNew Delhi _bCompetition Review Pvt. Ltd. _c2006 |
||
| 300 | _a200 | ||
| 650 | _athe | ||
| 650 | _aopportunities | ||
| 650 | _aIndian | ||
| 650 | _ain | ||
| 650 | _aforce | ||
| 650 | _aCareer | ||
| 650 | _aair | ||
| 690 | _aDefence Entrance | ||
| 906 | _aSG05036 | ||
| 999 |
_c133568 _d133568 |
||